| 000 | 00894cab a22001935a 4500 | ||
|---|---|---|---|
| 001 | L143577 | ||
| 008 | 080520e20080516xxko f 000 0 eng u | ||
| 035 | _a(Sirsi) u143577 | ||
| 041 | _aeng | ||
| 100 | 1 | _aEade, Christine | |
| 245 | 0 | 0 | _aRegional: Glos, Herefords, Worcs and Warks |
| 260 | _c2008 | ||
| 490 | 0 |
_aProperty Week _v73(20), 16 May 2008, 111-121(6) |
|
| 520 | _aReports on market news and deals from around the region. Discusses two planned retail developments to revitalise Hereford and plans to turn Cheltenham's Palladian style Regency council offices into a boutique hotel. Reports on how a new football stadium and a waterside development are regenerating Worcester and how Rugby is using its sporting heritage as a tourist attraction. | ||
| 590 | _aKA | ||
| 651 | 4 | _aGloucestershire | |
| 690 | _aPROPERTY-COMMERCIAL PROPERTY-COMMERCIAL PROPERTY MARKET | ||
| 942 | _n0 | ||
| 999 |
_c108220 _d108220 |
||